<?xml version="1.0" encoding="UTF-8"?>
<record
    xmlns:xsi="http://www.w3.org/2001/XMLSchema-instance"
    xsi:schemaLocation="http://www.loc.gov/MARC21/slim http://www.loc.gov/standards/marcxml/schema/MARC21slim.xsd"
    xmlns="http://www.loc.gov/MARC21/slim">

  <leader>00271nam a22001097a 4500</leader>
  <datafield tag="040" ind1=" " ind2=" ">
    <subfield code="c">SK</subfield>
  </datafield>
  <datafield tag="082" ind1=" " ind2=" ">
    <subfield code="a">123</subfield>
  </datafield>
  <datafield tag="100" ind1=" " ind2=" ">
    <subfield code="a">FISHERIES ADMINISTRATION</subfield>
  </datafield>
  <datafield tag="245" ind1=" " ind2=" ">
    <subfield code="a">Gender mainstreaming policy and strategy in the fisheries sector</subfield>
  </datafield>
  <datafield tag="260" ind1=" " ind2=" ">
    <subfield code="a">Phnom Penh</subfield>
    <subfield code="b">FIS</subfield>
    <subfield code="c">2007</subfield>
  </datafield>
  <datafield tag="942" ind1=" " ind2=" ">
    <subfield code="c">EK</subfield>
  </datafield>
  <datafield tag="999" ind1=" " ind2=" ">
    <subfield code="c">9211</subfield>
    <subfield code="d">9211</subfield>
  </datafield>
  <datafield tag="952" ind1=" " ind2=" ">
    <subfield code="0">0</subfield>
    <subfield code="1">0</subfield>
    <subfield code="4">0</subfield>
    <subfield code="6">123_000000000000000_FIS_2007_C022</subfield>
    <subfield code="7">0</subfield>
    <subfield code="9">50923</subfield>
    <subfield code="a">LBB</subfield>
    <subfield code="b">LBB</subfield>
    <subfield code="c">C022</subfield>
    <subfield code="d">2016-08-26</subfield>
    <subfield code="o">123 FIS 2007 C022 </subfield>
    <subfield code="p">RUA042481</subfield>
    <subfield code="r">2016-09-27</subfield>
    <subfield code="y">EK</subfield>
  </datafield>
  <datafield tag="952" ind1=" " ind2=" ">
    <subfield code="0">0</subfield>
    <subfield code="1">0</subfield>
    <subfield code="4">0</subfield>
    <subfield code="6">123_000000000000000_FIS_2007_C185</subfield>
    <subfield code="7">0</subfield>
    <subfield code="9">50924</subfield>
    <subfield code="a">LBB</subfield>
    <subfield code="b">LBB</subfield>
    <subfield code="c">C185</subfield>
    <subfield code="d">2016-08-26</subfield>
    <subfield code="o">123 FIS 2007 C185 </subfield>
    <subfield code="p">RUA43977</subfield>
    <subfield code="r">2016-08-26</subfield>
    <subfield code="y">EK</subfield>
  </datafield>
</record>
